Integrace českého zemědělství do Společné zemědělské politiky ES
Základná charakteristika Spoločnej poľnohospodárskej politiky ES a jej reformy. Situácia českého poľnohospodárstva a potravinárskeho priemyslu vo vzťahu k uvažovanej integrácii. Dôsledky integrácie ČR do ES pre české poľnohospodárstvo. Trh ČR sa stane súčasťou spoločného trhu ES, prijatie ochrany tr...
Salvato in:
| Autore principale: | |
|---|---|
| Natura: | Capitolo di libro |
| Lingua: | ceco |
| Soggetti: | |
| Tags: |
Nessun Tag, puoi essere il primo ad aggiungerne!!
|
MARC
| LEADER | 00000naa a2200000 4500 | ||
|---|---|---|---|
| 001 | r016200 | ||
| 005 | 20221213090030.0 | ||
| 041 | 0 | |a cze | |
| 044 | |a SK | ||
| 245 | 1 | 0 | |a Integrace českého zemědělství do Společné zemědělské politiky ES |c V. Vojtěch |
| 520 | |a Základná charakteristika Spoločnej poľnohospodárskej politiky ES a jej reformy. Situácia českého poľnohospodárstva a potravinárskeho priemyslu vo vzťahu k uvažovanej integrácii. Dôsledky integrácie ČR do ES pre české poľnohospodárstvo. Trh ČR sa stane súčasťou spoločného trhu ES, prijatie ochrany trhu ES voči tretím krajinám, prijatie cenovej a kvotačnej politiky ES a spoločné financovanie spoločnej poľnohospodárskej politiky ES. | ||
| 610 | 2 | 0 | |a politika poľnohospodárska |
| 610 | 2 | 0 | |a poľnohospodárstvo |
| 610 | 2 | 0 | |a integrácia |
| 610 | 2 | 0 | |a Česko |
| 610 | 2 | 0 | |a Európske spoločenstvá |
| 100 | 1 | |a Vojtěch, V. | |